Online
Catalog

Las doctrinas educativas y politicas de Marti / (Record no. 12013)

MARC details
000 -CABECERA
campo de control de longitud fija 00856pam a2200241 a 4500
001 - NÚMERO DE CONTROL
campo de control 000012356
005 - FECHA Y HORA DE LA ÚLTIMA TRANSACCIÓN
campo de control 20200929163019.0
008 - DATOS DE LONGITUD FIJA--INFORMACIÓN GENERAL
campo de control de longitud fija 890426s1991 pr a b s001 0 spa
010 ## - NÚMERO DE CONTROL DE LA BIBLIOTECA DEL CONGRESO
Número de control de LC 89033983
020 ## - NÚMERO INTERNACIONAL ESTÁNDAR DEL LIBRO
Número Internacional Estándar del Libro 0847724972
040 ## - FUENTE DE LA CATALOGACIÓN
Centro catalogador/agencia de origen DO-SdBNP
Centro/agencia transcriptor DLC
Centro/agencia modificador DLC
050 00 - SIGNATURA TOPOGRÁFICA DE LA BIBLIOTECA DEL CONGRESO
Número de clasificación LB41
Número de documento/Ítem .A3635 1989
082 00 - NÚMERO DE LA CLASIFICACIÓN DECIMAL DEWEY
Número de clasificación 370.11
Número de edición 20
100 2# - ENTRADA PRINCIPAL--NOMBRE DE PERSONA
Nombre de persona Agramonte y Pichardo, Roberto Daniel,
Fechas asociadas al nombre 1904-
9 (RLIN) 29028
245 14 - MENCIÓN DE TÍTULO
Título Las doctrinas educativas y politicas de Marti /
Mención de responsabilidad, etc. Roberto D. Agramonte.
250 ## - MENCIÓN DE EDICIÓN
Mención de edición 1a ed.
260 ## - PUBLICACIÓN, DISTRIBUCIÓN, ETC.
Lugar de publicación, distribución, etc. Rio Piedras, P.R. :
Nombre del editor, distribuidor, etc. Editorial de la Universidad de Puerto Rico,
Fecha de publicación, distribución, etc. 1991.
300 ## - DESCRIPCIÓN FÍSICA
Extensión xxvii, 663 p. :
Otras características físicas ill. ;
Dimensiones 24 cm.
504 ## - NOTA DE BIBLIOGRAFÍA, ETC.
Nota de bibliografía, etc. Includes bibliographical references and indexes.
650 #0 - PUNTO DE ACCESO ADICIONAL DE MATERIA--TÉRMINO DE MATERIA
Término de materia o nombre geográfico como elemento de entrada Education
Subdivisión general Aims and objectives.
9 (RLIN) 29029
600 10 - PUNTO DE ACCESO ADICIONAL DE MATERIA--NOMBRE DE PERSONA
Nombre de persona Marti, Jose,
Fechas asociadas al nombre 1853-1895
Subdivisión general Political and social views.
9 (RLIN) 29030
910 ## - DATOS DE OPCIÓN DEL USUARIO (OCLC)
Datos de opción del usuario Catalogación derivada
Holdings
Estado de retiro Estado de pérdida Restricciones de uso No para préstamo Código de colección Localización permanente Ubicación/localización actual Ubicación en estantería Fecha de adquisición Número de inventario Total de préstamos Signatura topográfica completa Código de barras Fecha visto por última vez Precio válido a partir de Tipo de ítem Koha
    Préstamo interno   Monografías: Libros y Folletos General General En catalogación 11.11.2009 LF1   370.11 12356-10 25.06.2020 25.06.2020 Préstamo interno

Powered by Koha